000 00916nam a2200241Ia 4500
003 OSt
005 20220923220948.0
006 a|||||r|||| 00| 0
007 ta
008 220922b |||||||| |||| 00| 0 hin d
024 _a192,868
037 _cTextual
040 _aARTS
_cARTS
_bhin
041 _2hin
_ahin
082 _aV2:1:E0, 152F9
100 _aवैद्य, चिन्तामणि विनायक
245 0 _aहिन्दू भारत का उत्कर्ष
_b राजपूतों का प्रारम्भिक इतिहास
246 _aHindū bhārat kā utkarṣha: rājapūtoan kā prārambhik itihāsa
260 _c1929
490 _aज्ञानमण्डल ग्रंथमाला; 27
942 _hV2:1:E0, 152F9
_cTEXL
_2CC
999 _c345389
_d345389